Homosexuality and liberation: elements of a gay critique

Gespeichert in:  
Bibliographische Detailangaben
1. VerfasserIn: Homosexuality and liberation (Verfasst von)
Medienart: Druck Buch
Sprache:Englisch
Veröffentlicht: London Gay Men's Pr. 1980
In:Jahr: 1980
Bestand in Tübingen:In Tübingen vorhanden.
UB: KB 13 A 692
Verfügbarkeit prüfen: HBZ Gateway
Subito Bestelldienst: Jetzt bestellen.
Schlagwörter:

MARC

LEADER 00000cam a22000002c 4500
001 1090095457
003 DE-627
005 20220430120546.0
007 tu
008 900402s1980 xx ||||| 00| ||eng c
035 |a (DE-627)1090095457 
035 |a (DE-576)020095457 
035 |a (DE-599)BSZ020095457 
035 |a (OCoLC)311134974 
040 |a DE-627  |b ger  |c DE-627  |e rakwb 
041 |a eng 
100 0 |a Homosexuality and liberation  |4 aut 
245 1 0 |a Homosexuality and liberation  |b elements of a gay critique  |c Mario Mieli. Transl. by David Fernbach 
264 1 |a London  |b Gay Men's Pr.  |c 1980 
300 |a 247 S. 
336 |a Text  |b txt  |2 rdacontent 
337 |a ohne Hilfsmittel zu benutzen  |b n  |2 rdamedia 
338 |a Band  |b nc  |2 rdacarrier 
583 1 |a Archivierung prüfen  |c 20200919  |f DE-640  |z 1  |2 pdager 
689 0 0 |d s  |0 (DE-588)4025798-8  |0 (DE-627)104774800  |0 (DE-576)208962948  |a Homosexualität  |2 gnd 
689 0 |5 (DE-627) 
951 |a BO 
ELC |b 1 
LOK |0 000 xxxxxcx a22 zn 4500 
LOK |0 001 2142937845 
LOK |0 003 DE-627 
LOK |0 004 1090095457 
LOK |0 005 20020606000000 
LOK |0 008 900402||||||||||||||||ger||||||| 
LOK |0 040   |a DE-21  |c DE-627  |d DE-21 
LOK |0 852   |a DE-21 
LOK |0 852 1  |c KB 13 A 692  |9 00 
LOK |0 935   |a krim 
LOK |0 936ln  |a k9.5.2 
LOK |0 939   |a 02-04-90  |b l01 
ORI |a SA-MARC-krimdoka001.raw 
SIG |a UB: KB 13 A 692